000 00225nam a2200097Ia 4500
008 190216s9999||||xx |||||||||||||| ||und||
100 _aKumar Chaterjee
245 0 _aDravidam
260 _bKerala Basha Inst
942 _cBK
999 _c38829
_d38829